LDR 00770naa#a2200181#i#450# 001 EN\\bibl\119812 005 20260416225005.4 011 ## _a1819-4036 100 ## _a20210226b2021####ek#y0engy0150####ca 102 ## _aRU 200 1# _aEFFECTS OF NONCONVENTIONAL FEED ADDITIVES ON EGG EFFICIENCY OF LAYING HENS _eJournal article 210 1# _aKrasnoyarsk _cKrasnoyarsk State Agrarian University _d2021 215 ## _a4 с. 608 ## _aJournal article _2local 675 ## _aОбщее животноводство. Разведение млекопитающих животных и птиц. Скотоводство. Домашние животные и их разведение. 636 _z 700 #1 _aCoy _gZoya Vladimirovna 700 #1 _aVasil'eva _gNatal'ya Vasil'evna 856 4# _avestnik.kgau.ru _u